| 000 | 01110 a2200361 4500 | ||
|---|---|---|---|
| 001 | 200425067 | ||
| 650 | 0 | 0 |
_961046 _aCivil law _zTurkey _vDictionaries _xDictionaries |
| 999 |
_c200425067 _d41524 |
||
| 003 | TR-AnTOB | ||
| 005 | 20250701161440.0 | ||
| 008 | 160921b tu 000 0 | ||
| 020 | _a9789754649932 | ||
| 040 |
_aTRTET _beng _erda |
||
| 041 | 0 | _atur | |
| 050 | 0 | 0 |
_aKKX1710 _bG67 2015 |
| 090 | _aKKX1710.G67 2015 | ||
| 100 | 1 |
_aGörgün, L. Şanal _961174 |
|
| 245 | 1 | 0 |
_aMedenî Usul Hukuku : _cL. Şanal Görgülü. |
| 250 | _aFourth edition. | ||
| 264 |
_aAnkara : _bYetkin, _c2015 |
||
| 264 |
_a _b, _c©2015 |
||
| 300 |
_aLIX,598. ; _24 cm |
||
| 336 |
_atext _2rdacontent. |
||
| 337 |
_aunmediated _2rdamedia. |
||
| 338 |
_avolume _2rdacarrier. |
||
| 504 | _aIncludes bibliographical references and index. | ||
| 650 | 0 | 0 |
_aHukuk _zTürkiye _xTürkiye. _9103119 |
| 650 | 0 | 0 |
_aMedeni hukuk _zTürkiye _vSözlükler _xSözlükler _97805 |
| 650 | 0 | 0 |
_aLaw _zTurkey _xTurkey. _9120043 |
| 650 | 0 | 0 |
_aCivil procedure _zTurkey _958333 |
| 650 | 0 | 7 |
_aMedeni usul _zTürkiye _2etuturkob _9115852 |
| 942 | _cBK | ||